书目信息 |
| 书名: | Angel of death | |
| 作者: | George Mair | |
| 分册号: | ||
| 分册名: | 出版地: | New York |
|
| 出版社: | Chamberlain Bros | |
| 出版时间: | 2004 | |
| 页数: | 105p | |
| 开本: | 25cm | |
| 丛书名: | ||
| 中图分类号: | ||
| 科图分类号: | ||
| 其他分类号: | K837.127 | |
| 主题词: | ||
| 电子资源: | ||
| 000 | 00493nam0 2200145 450 | |
| 001 | 202012001340 | |
| 005 | 20121108152406.0 | |
| 008 | 12110801s | |
| 020 | @a9781596090026@c$9.95 | |
| 099 | @dK837.127@eG3485 | |
| 245 | 10 | @aAngel of death@bthe shocking true story of Charles Cullen, the serial killer nurse and the system that failed to stop him @cGeorge Mair |
| 260 | 0 | @a New York@b Chamberlain Bros@c2004 |
| 300 | @a105p@c25cm | |
| 905 | @b10549 | |
| 905 | @aTSG@dK837.127@eG3485 | |
| Angel of death : the shocking true story of Charles Cullen, the serial killer nurse and the system that failed to stop him / George Mair.- New York : Chamberlain Bros , 2004 |
| 105p ; 25cm |
| ISBN 9781596090026$9.95 |
| ● |
| 相关链接 |
|
|
|
正题名:Angel of death
索取号:K837.127/G3485
 
预约/预借
| 序号 | 登录号 | 条形码 | 馆藏地/架位号 | 状态 | 备注 |
| 1 | 10549 | 300105491 | 社科库309/309社科库 999排1列1层/ [索取号:K837.127/G3485] | 在馆 |